00776nam a22002177a 4500952015500000999001700155003000900172005001700181008004100198040002300239082001300262100002600275245007500301260003700376300002200413500002100435650004300456651002400499700002300523942001200546 00102ddc40718NFICaASLbASLcHCd2020-10-12eDonated by Prof. John B. Harrisonl0o954 ZIBp101703r2020-10-12 00:00:00tC-1w2020-10-12yBKzRARE c18511d18511BDDh-ASL20231015025718.0201012s1964 e ||||| |||| 00| 0 eng d aBDDh-ASLcBDDh-ASL a954bZIB1 91347aZinkin, Maurice10aBritain and India :brequiem for empire/cby Maurice and Taya Zinkin.  aLondonbChatto & Windus, c1964. a191 p. :c23 cm.  aIncludes index.  091349aHistoryxPolitics and Government 09722aIndiaxBritain1 91348aZinkin, Taya 2ddccBK